|
|
|
|
| LEADER |
02233nam a22004455i 4500 |
| 001 |
978-0-387-74605-0 |
| 003 |
DE-He213 |
| 005 |
20150519180432.0 |
| 007 |
cr nn 008mamaa |
| 008 |
100301s2008 xxu| s |||| 0|eng d |
| 020 |
|
|
|a 9780387746050
|9 978-0-387-74605-0
|
| 024 |
7 |
|
|a 10.1007/978-0-387-74605-0
|2 doi
|
| 040 |
|
|
|d GrThAP
|
| 050 |
|
4 |
|a RB1-214
|
| 072 |
|
7 |
|a MMF
|2 bicssc
|
| 072 |
|
7 |
|a MED067000
|2 bisacsh
|
| 082 |
0 |
4 |
|a 616.07
|2 23
|
| 245 |
1 |
0 |
|a Handbook of Renal Biopsy Pathology
|h [electronic resource] /
|c edited by Alexander J. Howie.
|
| 250 |
|
|
|a Second edition.
|
| 264 |
|
1 |
|a New York, NY :
|b Springer New York,
|c 2008.
|
| 300 |
|
|
|a XII, 337 p.
|b online resource.
|
| 336 |
|
|
|a text
|b txt
|2 rdacontent
|
| 337 |
|
|
|a computer
|b c
|2 rdamedia
|
| 338 |
|
|
|a online resource
|b cr
|2 rdacarrier
|
| 347 |
|
|
|a text file
|b PDF
|2 rda
|
| 505 |
0 |
|
|a General Points About Renal Biopsy Specimens -- Technical Handling of Renal Biopsy Specimens -- How to Look at a Renal Biopsy Specimen: Preliminary Study -- How to Look at a Renal Biopsy Specimen: Initial Study of the Kidney -- Indication for Biopsy: Nephrotic Syndrome -- Indication for Biopsy: Acute Renal Failure -- Indication for Biopsy: Chronic Renal Failure -- Indication for Biopsy: Hematuria -- Indication for Biopsy: Proteinuria -- Indication for Biopsy: Renal Allograft -- Other Indications for Biopsy of Kidneys.
|
| 520 |
|
|
|a This practical handbook provides a short, clear and useful guide to interpretation of renal biopsy specimens. It is intended to be useful to pathologists, pathologists-in-training, nephrologists, nephrologists-in-training and medical students. Alexander J. Howie, M.D., is Professor of Renal Pathology, University College London, London, United Kingdom.
|
| 650 |
|
0 |
|a Medicine.
|
| 650 |
|
0 |
|a Nephrology.
|
| 650 |
|
0 |
|a Pathology.
|
| 650 |
1 |
4 |
|a Medicine & Public Health.
|
| 650 |
2 |
4 |
|a Pathology.
|
| 650 |
2 |
4 |
|a Nephrology.
|
| 700 |
1 |
|
|a Howie, Alexander J.
|e editor.
|
| 710 |
2 |
|
|a SpringerLink (Online service)
|
| 773 |
0 |
|
|t Springer eBooks
|
| 776 |
0 |
8 |
|i Printed edition:
|z 9780387746043
|
| 856 |
4 |
0 |
|u http://dx.doi.org/10.1007/978-0-387-74605-0
|z Full Text via HEAL-Link
|
| 912 |
|
|
|a ZDB-2-SME
|
| 950 |
|
|
|a Medicine (Springer-11650)
|